000 00406 a2200169 4500
001 182737
020 _a85-7164-209-5
040 _cMagnum
100 _aSaramago, José
240 1 0 _aO evangelho segundo Jesus Cristo
_lpor
245 1 0 _aO evangelho segundo Jesus Cristo
300 _a445
362 0 _a1991
440 1 _aCompanhia das Letras
697 _aLITERATURA GERAL ESTRANGEIRA
942 _cBK
999 _c182737
_d182737